<?xml version="1.0" encoding="UTF-8"?>
<record
    xmlns:xsi="http://www.w3.org/2001/XMLSchema-instance"
    xsi:schemaLocation="http://www.loc.gov/MARC21/slim http://www.loc.gov/standards/marcxml/schema/MARC21slim.xsd"
    xmlns="http://www.loc.gov/MARC21/slim">

  <leader>01260nam a22002297a 4500</leader>
  <datafield tag="999" ind1=" " ind2=" ">
    <subfield code="c">58714</subfield>
    <subfield code="d">58714</subfield>
  </datafield>
  <controlfield tag="005">20220705112452.0</controlfield>
  <controlfield tag="008">220705s2001ge  xxu||||| |||| 00| 0 ger d</controlfield>
  <datafield tag="020" ind1=" " ind2=" ">
    <subfield code="a">9783934471122</subfield>
  </datafield>
  <datafield tag="041" ind1=" " ind2=" ">
    <subfield code="a">ger</subfield>
  </datafield>
  <datafield tag="080" ind1=" " ind2=" ">
    <subfield code="a">376 M-78</subfield>
  </datafield>
  <datafield tag="245" ind1=" " ind2=" ">
    <subfield code="a">Mobilit&#xE4;t und lebenspraktische Fertigkeiten im Unterricht mit sehges ch&#xE4;digten Kindern und Jugendlichen   /</subfield>
    <subfield code="c">Bruno Schor; Rosa Maria Wei&#xDF;-Gschwendtner; Wolfgang Bosch</subfield>
  </datafield>
  <datafield tag="264" ind1=" " ind2=" ">
    <subfield code="a">wurzbug:</subfield>
    <subfield code="b">edition bentheim,</subfield>
    <subfield code="c">2001.</subfield>
  </datafield>
  <datafield tag="300" ind1=" " ind2=" ">
    <subfield code="a">251 p.:</subfield>
    <subfield code="b">Illust;</subfield>
    <subfield code="c">Diagr;</subfield>
    <subfield code="e">23 cm.</subfield>
  </datafield>
  <datafield tag="653" ind1=" " ind2=" ">
    <subfield code="a">Mobilit&#xE4;t und lebenspraktische Fertigkeiten im Unterricht mit sehgesch&#xE4;digten Kindern und Jugendlichen</subfield>
  </datafield>
  <datafield tag="653" ind1=" " ind2=" ">
    <subfield code="a">&#x10DB;&#x10DD;&#x10D1;&#x10D8;&#x10DA;&#x10E3;&#x10E0;&#x10DD;&#x10D1;&#x10D0; &#x10D3;&#x10D0; &#x10EA;&#x10EE;&#x10DD;&#x10D5;&#x10E0;&#x10D4;&#x10D1;&#x10D8;&#x10E1; &#x10DE;&#x10E0;&#x10D0;&#x10E5;&#x10E2;&#x10D8;&#x10D9;&#x10E3;&#x10DA;&#x10D8; &#x10E3;&#x10DC;&#x10D0;&#x10E0;&#x10D4;&#x10D1;&#x10D8; &#x10E1;&#x10D0;&#x10D9;&#x10DA;&#x10D0;&#x10E1;&#x10DD; &#x10DD;&#x10D7;&#x10D0;&#x10EE;&#x10E8;&#x10D8; &#x10DB;&#x10EE;&#x10D4;&#x10D3;&#x10D5;&#x10D4;&#x10DA;&#x10DD;&#x10D1;&#x10D8;&#x10E1; &#x10D3;&#x10D0;&#x10E5;&#x10D5;&#x10D4;&#x10D8;&#x10D7;&#x10D4;&#x10D1;&#x10E3;&#x10DA; &#x10D1;&#x10D0;&#x10D5;&#x10E8;&#x10D5;&#x10D4;&#x10D1;&#x10E1;&#x10D0; &#x10D3;&#x10D0; &#x10D0;&#x10EE;&#x10D0;&#x10DA;&#x10D2;&#x10D0;&#x10D6;&#x10E0;&#x10D3;&#x10D4;&#x10D1;&#x10E8;&#x10D8;</subfield>
  </datafield>
  <datafield tag="653" ind1=" " ind2=" ">
    <subfield code="a">&#x10DE;&#x10D4;&#x10D3;&#x10D0;&#x10D2;&#x10DD;&#x10D2;&#x10D8;&#x10D9;&#x10D0;</subfield>
  </datafield>
  <datafield tag="700" ind1=" " ind2=" ">
    <subfield code="a">Bruno, Schor</subfield>
    <subfield code="9">14287</subfield>
  </datafield>
  <datafield tag="700" ind1=" " ind2=" ">
    <subfield code="a"> Rosa Maria Wei&#xDF;-Gschwendtner;</subfield>
    <subfield code="9">14288</subfield>
  </datafield>
  <datafield tag="700" ind1=" " ind2=" ">
    <subfield code="a"> Wolfgang, Bosch</subfield>
    <subfield code="9">14289</subfield>
  </datafield>
  <datafield tag="710" ind1=" " ind2=" ">
    <subfield code="a">; Staatsinstitut f&#xFC;r Schulp&#xE4;dagogik und Bildungsforschung (M&#xFC;nchen). Abteilung F&#xF6;rderschulen</subfield>
    <subfield code="9">14290</subfield>
  </datafield>
  <datafield tag="942" ind1=" " ind2=" ">
    <subfield code="2">udc</subfield>
    <subfield code="c">BK</subfield>
  </datafield>
  <datafield tag="952" ind1=" " ind2=" ">
    <subfield code="0">0</subfield>
    <subfield code="1">0</subfield>
    <subfield code="2">udc</subfield>
    <subfield code="4">0</subfield>
    <subfield code="6">376_M78</subfield>
    <subfield code="7">0</subfield>
    <subfield code="9">92353</subfield>
    <subfield code="a">CPL</subfield>
    <subfield code="b">prof</subfield>
    <subfield code="c">GEN</subfield>
    <subfield code="d">2022-07-05</subfield>
    <subfield code="g">8.00</subfield>
    <subfield code="o">376 M-78</subfield>
    <subfield code="p">62951</subfield>
    <subfield code="r">2022-07-05</subfield>
    <subfield code="t">62951</subfield>
    <subfield code="w">2022-07-05</subfield>
    <subfield code="y">BK</subfield>
    <subfield code="z">8.00</subfield>
  </datafield>
</record>
